Find Five 'B' Things Quiz Stats

Quiz Updated Sep 16, 2016

Challenge
Share
Tweet
Embed
Score 0/50 Timer 05:00
3 Plays Today
% Correct
Bambi
98.6%
Beauty and the Beast
97.6%
The Beatles
95.6%
The Beach Boys
94.9%
Bee Gees
92.3%
Beagle
90.7%
Bangkok
90.2%
Bethlehem
89.8%
Boxer
89.4%
Babylon
89.3%
Brother Bear
88.5%
Batman
86.6%
The Byrds
85%
Buccaneers
82.7%
Browns
82.5%
Bullmastiff
82.5%
Bengals
82.1%
Braves
82%
Barbados
81.9%
Blondie
81%
Bilbo
81%
Bridge
80%
Bucharest
78.5%
Bills
77.9%
The Black Cauldron
77.2%
% Correct
Baccarat
76.3%
Bichon Frisé
75.5%
Bluff
74.3%
Black Panther
73.9%
Bolt
72.7%
Belize
72.6%
Bane
70.4%
Barbuda
67.9%
Blade
66.6%
Brunei
63.9%
Beersheba
61.5%
Bofur
61.1%
Bifur
56.2%
Banshee
54.2%
Balin
49.3%
Bombur
47.4%
Bishkek
43.1%
Bechuanaland
42.4%
Borzoi
39.6%
Bethany
37.6%
Belmopan
31.2%
Bandar Seri Begawan
30.7%
Bashan
26.8%
Bartok
26%
Bezique
24.1%

You're not logged in!

Compare scores with friends on all Sporcle quizzes.
Join for Free
OR
Log In

You Might Also Like...

Show Comments

Extras

Top Quizzes Today


Score Distribution

Your Account Isn't Verified!

In order to create a playlist on Sporcle, you need to verify the email address you used during registration. Go to your Sporcle Settings to finish the process.

Report this User

Report this user for behavior that violates our Community Guidelines.

Details: